|
|
|
|
| LEADER |
02215nam a2200457 4500 |
| 001 |
ocn762961235 |
| 003 |
OCoLC |
| 005 |
20180501121948.0 |
| 006 |
m o d |
| 007 |
cr |n||||||||| |
| 008 |
110801s2011 caua ob 001 0 eng d |
| 040 |
|
|
|a CDX
|b eng
|e pn
|c CDX
|d OPELS
|d OCLCQ
|d OCLCF
|d OCLCQ
|d DEBBG
|d GrThAP
|
| 020 |
|
|
|a 9780123864734
|q (electronic bk.)
|
| 020 |
|
|
|a 0123864739
|q (electronic bk.)
|
| 024 |
8 |
|
|a 9786613293701
|
| 035 |
|
|
|a (OCoLC)762961235
|
| 050 |
|
4 |
|a SB91
|b .A38 2011eb
|
| 082 |
0 |
4 |
|a 630
|2 23
|
| 049 |
|
|
|a TEFA
|
| 245 |
0 |
0 |
|a Advances in agronomy.
|n Volume one hundred thirteen /
|c edited by Donald L. Sparks.
|
| 246 |
3 |
|
|a Advances in agronomy 113
|
| 246 |
3 |
0 |
|a Agronomy
|
| 250 |
|
|
|a 1st ed.
|
| 260 |
|
|
|a San Diego, CA :
|b Elsevier/Academic Press,
|c 2011.
|
| 300 |
|
|
|a 1 online resource (xi, 345 pages) :
|b illustrations
|
| 336 |
|
|
|a text
|b txt
|2 rdacontent
|
| 337 |
|
|
|a computer
|b c
|2 rdamedia
|
| 338 |
|
|
|a online resource
|b cr
|2 rdacarrier
|
| 500 |
|
|
|a "Prepared in cooperation with the American Society of Agronomy, Crop Science Society of America, and Soil Science Society of America Book and Multimedia Publishing Committee"--Series title page.
|
| 504 |
|
|
|a Includes bibliographical references and index.
|
| 520 |
|
|
|a Advances in Agronomy continues to be recognized as a leading reference and a first-rate source for the latest research in agronomy. As always, the subjects covered are varied and exemplary of the myriad of subject matter dealt with by this long-running serial. * Maintains the highest impact factor among serial publications in agriculture * Presents timely reviews on important agronomy issues * Enjoys a long-standing reputation for excellence in the field.
|
| 588 |
0 |
|
|a Print version record.
|
| 650 |
|
0 |
|a Agronomy.
|
| 650 |
|
7 |
|a Agronomy.
|2 fast
|0 (OCoLC)fst00801886
|
| 655 |
|
4 |
|a Electronic books.
|
| 710 |
2 |
|
|a ASA-CSSA-SSSA Book Publishing Committee.
|
| 710 |
2 |
|
|a American Society of Agronomy.
|
| 710 |
2 |
|
|a Crop Science Society of America.
|
| 710 |
2 |
|
|a Soil Science Society of America.
|
| 776 |
0 |
8 |
|i Print version:
|z 9786613293701
|
| 856 |
4 |
0 |
|u https://www.sciencedirect.com/science/bookseries/00652113/113
|z Full Text via HEAL-Link
|